[Event "VI. Karnevals-Open"]
[Site "Solingen"]
[Date "2015.02.14"]
[Round "2.18"]
[White "Ljuboschiz, Dr. Alexander"]
[Black "Fränzel, Dr. Marius"]
[Result "1-0"]
[WhiteElo "2127"]
[BlackElo "1864"]
[PlyCount "61"]
[EventDate "2015.??.??"]
[WhiteTeam "SV Würselen"]
[BlackTeam "SG Solingen"]

1. e4 e5 2. Nf3 Nc6 3. Bb5 a6 4. Ba4 Nf6 5. Qe2 b5 6. Bb3 d6 7. c3 Na5 8. Bc2
c5 9. O-O Be7 10. d4 cxd4 11. cxd4 Qc7 12. Bg5 Bg4 13. a4 O-O 14. axb5 axb5 15.
Nc3 Bxf3 16. gxf3 Rfc8 17. Bxf6 Bxf6 18. Nd5 Qxc2 19. Qxc2 Rxc2 20. b4 Bd8 21.
bxa5 exd4 22. Rfb1 d3 23. Ne3 Re2 24. Kf1 Bh4 25. Nd1 Rc2 26. Rxb5 Rac8 27. a6
g6 28. a7 Rc1 29. Rxc1 Rxc1 30. a8=Q+ Kg7 31. Qa4 1-0

[Event "VI. Karnevals-Open"]
[Site "Solingen"]
[Date "2015.02.14"]
[Round "2.19"]
[White "Breuer, Leon"]
[Black "Vishanji, Adrian"]
[Result "0-1"]
[WhiteElo "1587"]
[BlackElo "1908"]
[PlyCount "90"]
[EventDate "2015.??.??"]
[WhiteTeam "SK Xanten"]
[BlackTeam "SV Turm Drolshagen"]

1. e4 e6 2. d4 d5 3. Nc3 Bb4 4. e5 c5 5. a3 Bxc3+ 6. bxc3 Qc7 7. Nf3 Ne7 8. Bd3
Nbc6 9. O-O Bd7 10. Be3 Nf5 11. Qd2 c4 12. Be2 f6 13. exf6 gxf6 14. Rab1 O-O-O
15. Bf4 Qa5 16. a4 Nce7 17. Rb4 Bxa4 18. Ra1 b5 19. Bd1 Ng6 20. Bg3 h5 21. Qe1
Qa6 22. h3 Nxg3 23. fxg3 Qd6 24. Qe3 Ne7 25. Nh4 Rdg8 26. Kh2 Rg5 27. Qf4 Qxf4
28. gxf4 Rg7 29. Bf3 Kd7 30. Re1 a6 31. Rb2 Kd6 32. Re2 Ng6 33. Nxg6 Rxg6 34.
Rb1 f5 35. Rbe1 h4 36. Rg1 a5 37. g4 hxg3+ 38. Rxg3 Rxg3 39. Kxg3 b4 40. cxb4
axb4 41. h4 Rb8 42. h5 c3 43. Re1 Bxc2 44. Bd1 Bxd1 45. Rxd1 c2 0-1

[Event "VI. Karnevals-Open"]
[Site "Solingen"]
[Date "2015.02.14"]
[Round "2.20"]
[White "Cornelißen, Jonas"]
[Black "Peters, Jens"]
[Result "0-1"]
[WhiteElo "1295"]
[BlackElo "1781"]
[PlyCount "98"]
[EventDate "2015.??.??"]
[WhiteTeam "SK Xanten"]
[BlackTeam "SK Xanten"]

1. d4 Nf6 2. Nf3 e6 3. Bf4 d5 4. e3 c5 5. c3 Nc6 6. Nbd2 Bd7 7. Bd3 Rc8 8. O-O
Be7 9. h3 O-O 10. Qc2 cxd4 11. exd4 Nb4 12. Qb1 Nxd3 13. Qxd3 a6 14. b3 b5 15.
Ne5 Qa5 16. b4 Qb6 17. Nb3 Qb7 18. Na5 Qa7 19. a4 bxa4 20. Nxd7 Qxd7 21. Ra3
Qb5 22. Qxb5 axb5 23. Nb7 Ne4 24. Nc5 Nd6 25. Rc1 Nc4 26. Ra2 Rc6 27. g3 g5 28.
Be3 e5 29. dxe5 Nxe5 30. Bd4 Bxc5 31. bxc5 Nf3+ 32. Kg2 Nxd4 33. cxd4 Rb8 34.
Rb1 Ra6 35. Kf3 b4 36. Kg4 a3 37. Kxg5 b3 38. Raa1 b2 39. Ra2 Rb4 40. c6 Rc4
41. Rbxb2 axb2 42. Rxa6 b1=Q 43. Kf6 Qg6+ 44. Ke5 Rxc6 45. Ra8+ Kg7 46. Kf4
Qe4+ 47. Kg5 Rg6+ 48. Kh5 Qf5+ 49. Kh4 Rh6# 0-1

[Event "VI. Karnevals-Open"]
[Site "Solingen"]
[Date "2015.02.14"]
[Round "2.22"]
[White "Tanz, Manfred"]
[Black "Rosenauer, Horst"]
[Result "0-1"]
[WhiteElo "1608"]
[BlackElo "1963"]
[PlyCount "70"]
[EventDate "2015.??.??"]
[WhiteTeam "SV Hilden"]
[BlackTeam "Bergische SF"]

1. e4 e5 2. Nf3 Nc6 3. d4 exd4 4. Nxd4 Nf6 5. e5 Nxe5 6. Bf4 Ng6 7. Be3 d5 8.
Bd3 Be7 9. O-O O-O 10. Nf5 Re8 11. Nxe7+ Qxe7 12. Bxg6 hxg6 13. c3 Be6 14. Na3
c5 15. Nc2 Qc7 16. Rb1 a5 17. b3 Ne4 18. Qe1 Rad8 19. Rc1 Nf6 20. Qd1 Ng4 21.
f4 Bf5 22. Bd2 d4 23. cxd4 cxd4 24. Nxd4 Qb6 25. Bc3 Ne3 26. Qd2 Nxf1 27. Kxf1
Qd6 28. Qf2 Re4 29. Nxf5 gxf5 30. g3 Qd3+ 31. Kg1 Re2 32. Qf1 Qe3+ 33. Kh1 Rf2
34. Qe1 Qf3+ 35. Kg1 Qg2# 0-1

[Event "VI. Karnevals-Open"]
[Site "Solingen"]
[Date "2015.02.14"]
[Round "2.23"]
[White "Righi, Sofian"]
[Black "Kissing, Bastian"]
[Result "0-1"]
[WhiteElo "1601"]
[BlackElo "1851"]
[PlyCount "116"]
[EventDate "2015.??.??"]
[WhiteTeam "Düsseldorfer SK"]
[BlackTeam "SC Tornado Wuppertal"]

1. d4 Nf6 2. c4 e6 3. Nc3 Bb4 4. Bg5 O-O 5. e3 c5 6. Nf3 d6 7. Bd3 Re8 8. Qc2
h6 9. Bf4 Nc6 10. a3 e5 11. dxe5 dxe5 12. Bxe5 Nxe5 13. Nxe5 Rxe5 14. axb4 cxb4
15. Rd1 Qa5 16. Ne2 b3+ 17. Qd2 Qxd2+ 18. Rxd2 Be6 19. Nf4 Ne4 20. Bxe4 Rxe4
21. Nxe6 Rxe6 22. O-O Rc8 23. Rd7 Rb6 24. Rc1 a5 25. Kf1 a4 26. c5 a3 27. bxa3
b2 28. Rb1 Rxc5 29. Rdd1 Rc2 30. Ke1 Kf8 31. a4 Ke7 32. h4 Rb4 33. g3 Rxa4 34.
Kf1 Rac4 35. Kg2 Rc6 36. g4 Rf6 37. Rf1 Kd6 38. Kg3 Kc5 39. f4 Kb4 40. Rfd1 Kb3
41. Kf3 Rfc6 42. Rd7 Ka2 43. Rxb2+ Rxb2 44. Rxf7 g6 45. Rh7 g5 46. hxg5 hxg5
47. f5 b5 48. Rf7 b4 49. f6 b3 50. Rf8 Rb1 51. Ke4 Rf1 52. f7 Rcf6 53. Ra8+ Kb1
54. Rb8 b2 55. Rb5 Rxf7 56. Rxg5 Rc7 57. Rh5 Kc1 58. Rh2 b1=Q+ 0-1

[Event "VI. Karnevals-Open"]
[Site "Solingen"]
[Date "2015.02.14"]
[Round "2.24"]
[White "Lukoviczki, Matyas"]
[Black "Sewald, Kathrin"]
[Result "0-1"]
[WhiteElo "1846"]
[BlackElo "1542"]
[PlyCount "86"]
[EventDate "2015.??.??"]
[WhiteTeam "SG Kaarst"]
[BlackTeam "SG Porz"]

1. e4 e5 2. f4 exf4 3. Nf3 Be7 4. g3 d5 5. Nc3 Nf6 6. e5 Ne4 7. d3 Ng5 8. Bxf4
Bg4 9. Bg2 Ne6 10. O-O Nc6 11. Qe1 Nxf4 12. gxf4 Bxf3 13. Bxf3 Nd4 14. Bxd5 c6
15. Bb3 Qd7 16. Qg3 O-O-O 17. Kh1 Nf5 18. Qf2 Bh4 19. Qxa7 Ng3+ 20. Kg2 Nxf1
21. Rxf1 Qg4+ 22. Kh1 Qh3 23. Qg1 Rhf8 24. Ne4 Be7 25. f5 h6 26. e6 f6 27. Qg2
Qxg2+ 28. Kxg2 g6 29. Ng3 Rg8 30. Kf3 g5 31. h3 Rd4 32. Ne4 h5 33. c3 Rxd3+ 34.
Kg2 g4 35. h4 Re3 36. Ng3 Rh8 37. Rd1 Rd8 38. Rxd8+ Kxd8 39. Nxh5 Rh3 40. Bd1
Rxh4 41. Nf4 Bd6 42. Kg3 Rh1 43. Bxg4 Rg1+ 0-1

[Event "VI. Karnevals-Open"]
[Site "Solingen"]
[Date "2015.02.14"]
[Round "2.25"]
[White "Nguyen, Gia Huy Philipp"]
[Black "Barche, Uwe"]
[Result "1-0"]
[WhiteElo "1832"]
[BlackElo "1457"]
[PlyCount "65"]
[EventDate "2015.??.??"]
[WhiteTeam "SG Solingen"]
[BlackTeam "SG Solingen"]

1. e4 e6 2. Nf3 c5 3. d4 cxd4 4. Nxd4 a6 5. Nc3 Nc6 6. Nxc6 bxc6 7. Be2 Qc7 8.
O-O Bd6 9. f4 Ne7 10. Be3 Qb8 11. a3 O-O 12. Kh1 a5 13. Na4 Ba6 14. c4 Nc8 15.
Rb1 Qc7 16. Nc3 f6 17. Qe1 Ne7 18. c5 Bxe2 19. Qxe2 Bxf4 20. Bxf4 e5 21. Be3
Rfd8 22. Qg4 Ng6 23. h4 Kf7 24. h5 Nh8 25. Rf2 Re8 26. Rbf1 Re6 27. Bg5 h6 28.
Bh4 Rg8 29. Qe2 d6 30. cxd6 Qxd6 31. Qc4 Ke7 32. Rd1 Qc7 33. Nd5+ 1-0

[Event "VI. Karnevals-Open"]
[Site "Solingen"]
[Date "2015.02.14"]
[Round "2.26"]
[White "Winand, Michael"]
[Black "Suvorov, Alexander"]
[Result "0-1"]
[WhiteElo "1675"]
[BlackElo "1823"]
[PlyCount "56"]
[EventDate "2015.??.??"]
[WhiteTeam "Aachener SV"]
[BlackTeam "SG Porz"]

1. e4 c6 2. d4 d5 3. Nd2 dxe4 4. Nxe4 Bf5 5. Ng3 Bg6 6. N1e2 e6 7. Nf4 Bd6 8.
h4 Ne7 9. Nxg6 hxg6 10. Ne4 Nd5 11. Bd2 Be7 12. g3 Nf6 13. Nxf6+ Bxf6 14. c3
Nd7 15. Bg2 Qb6 16. Qc2 O-O-O 17. O-O-O Kb8 18. Kb1 a5 19. Rhe1 Rhe8 20. Be3
Qc7 21. f4 Nb6 22. c4 Rd7 23. b3 Red8 24. Qf2 Nc8 25. d5 cxd5 26. cxd5 Qc3 27.
Bd4 Bxd4 28. Rxd4 Rc7 0-1

[Event "VI. Karnevals-Open"]
[Site "Solingen"]
[Date "2015.02.14"]
[Round "2.27"]
[White "Meckel, Helmut"]
[Black "Ipekyilmaz, Tayfun"]
[Result "1/2-1/2"]
[WhiteElo "1793"]
[BlackElo "1597"]
[PlyCount "86"]
[EventDate "2015.??.??"]
[WhiteTeam "SG Solingen"]
[BlackTeam "Langenfelder SF"]

1. d4 Nf6 2. Nc3 d5 3. e4 dxe4 4. f3 exf3 5. Nxf3 Bg4 6. Bc4 e6 7. O-O Be7 8.
Be3 O-O 9. Qe1 Bf5 10. Ne5 Bxc2 11. Qg3 Bf5 12. Rad1 Nbd7 13. Bh6 Nh5 14. Qf3
gxh6 15. Qxh5 Nxe5 16. dxe5 Qe8 17. Rxf5 exf5 18. Qxf5 Qc6 19. Nd5 Bc5+ 20. Kh1
Qg6 21. Nf6+ Kh8 22. Qd7 Bb6 23. Bd3 Qg5 24. Bc2 c6 25. Nxh7 Qh5 26. Nf6 Qg5
27. Qd3 Qg6 28. Qxg6 fxg6 29. Rd7 Rxf6 30. exf6 Rf8 31. f7 Kg7 32. Bb3 Rd8 33.
Rxb7 Rd2 34. h3 Rf2 35. Rb8 Bc5 36. Rg8+ Kh7 37. h4 h5 38. Kh2 Bd6+ 39. Kh3 Rf1
40. g4 Rf2 41. gxh5 gxh5 42. f8=N+ Rxf8 43. Rxf8 Bxf8 1/2-1/2

[Event "VI. Karnevals-Open"]
[Site "Solingen"]
[Date "2015.02.14"]
[Round "2.28"]
[White "Kroo, Julian"]
[Black "Runte, Dirk"]
[Result "1-0"]
[WhiteElo "1644"]
[BlackElo "1720"]
[PlyCount "69"]
[EventDate "2015.??.??"]
[WhiteTeam "SV Turm Drolshagen"]
[BlackTeam "Fideler Bauer Leverkusen"]

1. d4 Nf6 2. Nf3 e6 3. c4 b6 4. Nc3 Ba6 5. e4 Bb4 6. Bd3 Bb7 7. Qc2 Na6 8. e5
Ng4 9. h3 Bxf3 10. gxf3 Nxf2 11. Qxf2 c5 12. d5 exd5 13. cxd5 c4 14. Bc2 Bc5
15. Be3 Nb4 16. Bxc5 bxc5 17. a3 Qa5 18. O-O Nd3 19. Bxd3 cxd3 20. Ne4 c4 21.
Nd6+ Ke7 22. Qh4+ f6 23. Qxc4 fxe5 24. Nf5+ Kf6 25. Qxd3 Qb6+ 26. Kh1 g6 27.
Ng3 Qxb2 28. f4 Rhc8 29. fxe5+ Kg7 30. Rab1 Qxe5 31. Rbe1 Qb2 32. Re7+ Kg8 33.
d6 Qb7+ 34. Qe4 Qb3 35. Qe5 1-0

[Event "VI. Karnevals-Open"]
[Site "Solingen"]
[Date "2015.02.14"]
[Round "2.29"]
[White "Falge, Rainer"]
[Black "Lehmkau, Steffen"]
[Result "1/2-1/2"]
[WhiteElo "1715"]
[BlackElo "1452"]
[PlyCount "79"]
[EventDate "2015.??.??"]
[WhiteTeam "SG Solingen"]
[BlackTeam "SV Mülheim-Nord"]

1. e4 e5 2. Nf3 Nc6 3. Bc4 Bc5 4. d3 Nf6 5. Be3 Bb6 6. Nc3 O-O 7. O-O d6 8. h3
Bxe3 9. fxe3 Na5 10. Bb3 Nxb3 11. axb3 Bd7 12. Qd2 Qe7 13. Qf2 a6 14. Qh4 Rae8
15. Rae1 h6 16. Nh2 Be6 17. Rf3 Nh7 18. Qf2 f6 19. Rf1 Rf7 20. Ne2 Ref8 21. Ng3
Ng5 22. Nf5 Nxf3+ 23. Qxf3 Bxf5 24. exf5 c6 25. Qg4 Rd8 26. Nf3 Rff8 27. Nh4
Rfe8 28. Ng6 Qf7 29. Rf3 Kh7 30. Rg3 Rg8 31. d4 exd4 32. Qxd4 Rge8 33. Qg4 d5
34. Nf4 Re4 35. Qf3 Rg8 36. Ne6 g6 37. fxg6+ Rxg6 38. Qf5 Rxe6 39. Rxg6 Qxg6
40. Qxe6 1/2-1/2

[Event "VI. Karnevals-Open"]
[Site "Solingen"]
[Date "2015.02.14"]
[Round "2.30"]
[White "Schulten, Sandro"]
[Black "Lechner, Alexander"]
[Result "0-1"]
[WhiteElo "1493"]
[BlackElo "1691"]
[PlyCount "68"]
[EventDate "2015.??.??"]
[WhiteTeam "BW Concordia Viersen"]
[BlackTeam "SG Porz"]

1. d4 Nf6 2. c4 g6 3. Nc3 d5 4. cxd5 Nxd5 5. e4 Nxc3 6. bxc3 Bg7 7. Bc4 c5 8.
Be3 Qa5 9. Ne2 Nc6 10. O-O O-O 11. Qb3 Qc7 12. a4 cxd4 13. Bxf7+ Rxf7 14. cxd4
e5 15. d5 Nd4 16. Nxd4 exd4 17. Bd2 Bd7 18. f4 Qb6 19. Qxb6 axb6 20. e5 Bf5 21.
Rfe1 Rd7 22. d6 Kf7 23. Rec1 h6 24. a5 bxa5 25. Rxa5 Rxa5 26. Bxa5 g5 27. g3
gxf4 28. gxf4 Ke6 29. Rc5 d3 30. Bd2 Rxd6 31. Rb5 Rd7 32. Kf2 Be4 33. Ke3 Bc6
34. Rb3 Bf8 0-1

[Event "VI. Karnevals-Open"]
[Site "Solingen"]
[Date "2015.02.14"]
[Round "2.31"]
[White "Pitz, Marko"]
[Black "Ehringfeld, Michael"]
[Result "0-1"]
[WhiteElo "1688"]
[BlackElo "1415"]
[PlyCount "72"]
[EventDate "2015.??.??"]
[WhiteTeam "Greifswalder SV"]
[BlackTeam "SG Solingen"]

1. d4 d5 2. c4 c6 3. e4 dxe4 4. Nc3 Bf5 5. f3 exf3 6. Nxf3 e6 7. Be2 Bb4 8. O-O
Bxc3 9. bxc3 Nd7 10. Ba3 Ngf6 11. Nd2 Qc7 12. c5 h5 13. Nc4 Ne4 14. Nd6+ Nxd6
15. cxd6 Qd8 16. Qe1 Qg5 17. Bc1 Qg6 18. Qh4 f6 19. Rf3 O-O-O 20. c4 e5 21. Qe1
b6 22. c5 exd4 23. Rg3 Qf7 24. Ba6+ Kb8 25. Qe7 Qd5 26. cxb6 axb6 27. Qe1 h4
28. Rxg7 Rhg8 29. Rxg8 Rxg8 30. Qf2 Be4 31. Bf1 Qxd6 32. Bf4 Ne5 33. Kh1 Kb7
34. Qxh4 Qd5 35. Qf2 Nd3 36. Qd2 Nxf4 0-1

[Event "VI. Karnevals-Open"]
[Site "Solingen"]
[Date "2015.02.14"]
[Round "2.32"]
[White "Rudolph, Eva"]
[Black "Schütz, Samson"]
[Result "1-0"]
[WhiteElo "1439"]
[BlackElo "1687"]
[PlyCount "97"]
[EventDate "2015.??.??"]
[WhiteTeam "Düsseldorfer SK"]
[BlackTeam "Fideler Bauer Leverkusen"]

1. e4 c5 2. Nf3 Nc6 3. d4 cxd4 4. Nxd4 Nf6 5. Nc3 e5 6. Nf3 Bb4 7. Bd3 O-O 8.
Bd2 d5 9. Nxd5 Bxd2+ 10. Nxd2 Nxd5 11. exd5 Qxd5 12. O-O Rd8 13. Ne4 f5 14. Nd2
Kh8 15. Nb3 Be6 16. Re1 e4 17. Bf1 Qe5 18. Qc1 Rac8 19. c3 h6 20. Qc2 g5 21.
Rad1 Qf4 22. Nc5 Bd5 23. c4 Bf7 24. Nxb7 Rxd1 25. Rxd1 Ne5 26. Nd6 Rc7 27.
Nxf7+ Rxf7 28. Rd8+ Kh7 29. Qc3 Rg7 30. Rd5 Ng4 31. Qg3 Qxg3 32. hxg3 Rf7 33.
Be2 e3 34. Bxg4 exf2+ 35. Kxf2 fxg4+ 36. Ke2 Kg6 37. Rd6+ Rf6 38. Rxf6+ Kxf6
39. Ke3 h5 40. c5 Ke6 41. Ke4 h4 42. gxh4 gxh4 43. Kf4 h3 44. gxh3 gxh3 45. Kg3
Kd5 46. b4 a5 47. a3 Kc6 48. Kxh3 axb4 49. axb4 1-0

[Event "VI. Karnevals-Open"]
[Site "Solingen"]
[Date "2015.02.14"]
[Round "2.33"]
[White "Krabbe, Thomas"]
[Black "Pan, Yun"]
[Result "1/2-1/2"]
[WhiteElo "1148"]
[BlackElo "1646"]
[PlyCount "81"]
[EventDate "2015.??.??"]
[WhiteTeam "Düsseldorfer SK"]
[BlackTeam "Fideler Bauer Leverkusen"]

1. c4 Nf6 2. g3 e6 3. Bg2 Bc5 4. d4 Bb4+ 5. Nd2 O-O 6. Ngf3 d5 7. a3 Be7 8. c5
c6 9. Ne5 Nbd7 10. Ndf3 Nxe5 11. Nxe5 Nd7 12. Nxd7 Bxd7 13. O-O Qc7 14. Bf4 Qc8
15. b4 b6 16. Qd3 Bd8 17. Rab1 a5 18. cxb6 Bxb6 19. Bd6 Rd8 20. Rfc1 axb4 21.
Rxb4 Bc7 22. Bc5 Be8 23. Qb3 Rb8 24. Be7 Rxb4 25. Qxb4 Rd7 26. Bc5 Qb8 27. Qxb8
Bxb8 28. Rb1 Ba7 29. Bxa7 Rxa7 30. Rb3 Kf8 31. e4 Ke7 32. e5 Ra4 33. Rd3 Bd7
34. f4 Bc8 35. Bf1 Ba6 36. Rc3 Bxf1 37. Kxf1 Rxd4 38. Rxc6 Ra4 39. Rc7+ Ke8 40.
Rc8+ Ke7 41. Rc7+ 1/2-1/2

[Event "VI. Karnevals-Open"]
[Site "Solingen"]
[Date "2015.02.14"]
[Round "2.35"]
[White "Vishanji, Denis"]
[Black "Vishanji, Franz"]
[Result "1/2-1/2"]
[WhiteElo "1127"]
[BlackElo "1621"]
[PlyCount "85"]
[EventDate "2015.??.??"]
[WhiteTeam "SV Turm Drolshagen"]
[BlackTeam "SV Turm Drolshagen"]

1. e4 e6 2. d4 d5 3. exd5 exd5 4. Nc3 Nf6 5. Bg5 Be7 6. g3 Bg4 7. Qd3 c6 8. Bg2
O-O 9. Nf3 Ne4 10. Bxe7 Qxe7 11. O-O Bxf3 12. Bxf3 f5 13. Rfe1 Nd7 14. Bg2 Qg5
15. Ne2 Rae8 16. Nf4 Qf6 17. Re3 g5 18. Nh3 Rf7 19. Rae1 Rfe7 20. f3 Nd6 21.
Rxe7 Rxe7 22. Rxe7 Qxe7 23. Qd2 h6 24. b3 Qe6 25. f4 g4 26. Nf2 Nf6 27. Qa5 Nb5
28. Qd2 Nd6 29. a4 Nfe4 30. Qe2 Kf7 31. Nxe4 Nxe4 32. Bxe4 Qxe4 33. Qxe4 dxe4
34. c4 Ke6 35. Kf2 a6 36. Ke3 b5 37. a5 Kd6 38. Ke2 Kd7 39. Ke3 Kd6 40. Ke2 Kd7
41. Ke3 b4 42. Ke2 c5 43. d5 1/2-1/2

[Event "VI. Karnevals-Open"]
[Site "Solingen"]
[Date "2015.02.14"]
[Round "2.37"]
[White "Müller, Adrian"]
[Black "Coenen, Siegfried"]
[Result "0-1"]
[WhiteElo "1660"]
[BlackElo "1992"]
[PlyCount "38"]
[EventDate "2015.??.??"]
[WhiteTeam "Fideler Bauer Leverkusen"]
[BlackTeam "SG Hochneukirch"]

1. e4 e5 2. Nf3 Nf6 3. Nxe5 d6 4. Nf3 Nxe4 5. d4 d5 6. Bd3 Be7 7. O-O Nd7 8. c4
Ndf6 9. Nc3 Nxc3 10. bxc3 Bg4 11. Re1 O-O 12. h3 Bh5 13. cxd5 Nxd5 14. Bd2 c6
15. Rb1 b6 16. a4 Bd6 17. Bxh7+ Kxh7 18. Ng5+ Qxg5 19. Bxg5 Bxd1 0-1

[Event "VI. Karnevals-Open"]
[Site "Solingen"]
[Date "2015.02.14"]
[Round "3.1"]
[White "Bub, Volker"]
[Black "Jesse, Ingemars"]
[Result "0-1"]
[WhiteElo "2079"]
[BlackElo "2423"]
[PlyCount "116"]
[EventDate "2015.??.??"]
[WhiteTeam "SC Tornado Hochneukirch"]
[BlackTeam "SG Bochum"]

1. g3 e5 2. Bg2 d5 3. d3 Nc6 4. Nf3 g6 5. O-O Bg7 6. e4 Nge7 7. exd5 Nxd5 8.
Re1 O-O 9. Nbd2 Re8 10. Nc4 h6 11. Bd2 Bf5 12. Nh4 Be6 13. Nf3 f6 14. c3 Qd7
15. b4 b5 16. Na5 Nxa5 17. bxa5 Rad8 18. d4 Bf7 19. Qc2 exd4 20. Nxd4 f5 21.
Nb3 Qd6 22. Rad1 c6 23. Qc1 Rxe1+ 24. Rxe1 Kh7 25. Bf3 Qf6 26. a6 Qd6 27. Rd1
Qc7 28. Be3 Qc8 29. Bd4 Qxa6 30. Bxg7 Kxg7 31. Qb2 Kh7 32. h4 h5 33. Qd2 Qb6
34. Qg5 Re8 35. Nd4 Re5 36. Ne2 Qc7 37. Nf4 Nxc3 38. Rd8 Qe7 39. Nh3 Ne4 40.
Bxe4 fxe4 41. Qd2 Rd5 42. Ng5+ Kg7 43. Qc3+ Qf6 44. Qxf6+ Kxf6 45. Rf8 Rd7 46.
Nxe4+ Ke7 47. Rh8 Rd1+ 48. Kh2 Bd5 49. Rh7+ Kf8 50. Rh8+ Kg7 51. Re8 Re1 52. f3
Bxe4 53. fxe4 Re2+ 54. Kh3 Rxa2 55. e5 a5 56. e6 Kf6 57. Rc8 Rc2 58. g4 Rc3+
0-1

[Event "VI. Karnevals-Open"]
[Site "Solingen"]
[Date "2015.02.14"]
[Round "3.2"]
[White "Coenen, Michael"]
[Black "Siemes, Robert"]
[Result "1-0"]
[WhiteElo "2404"]
[BlackElo "2080"]
[PlyCount "55"]
[EventDate "2015.??.??"]
[WhiteTeam "SG Hochneukirch"]
[BlackTeam "Ratinger SK"]

1. e4 c5 2. Nf3 d6 3. d4 cxd4 4. Nxd4 Nf6 5. Nc3 a6 6. Be3 e5 7. Nb3 Be6 8. f3
Be7 9. Qd2 O-O 10. O-O-O a5 11. Kb1 a4 12. Nc1 a3 13. b3 Na6 14. g4 Nb4 15. g5
Nh5 16. Nb5 d5 17. c3 d4 18. cxd4 Rc8 19. d5 Rc2 20. dxe6 Rxd2 21. Rxd2 Qc8 22.
exf7+ Kxf7 23. Bc4+ Ke8 24. Be6 Qc6 25. Rhd1 Qxe6 26. Nc7+ Kf7 27. Nxe6 Kxe6
28. Rd7 1-0

[Event "VI. Karnevals-Open"]
[Site "Solingen"]
[Date "2015.02.14"]
[Round "3.3"]
[White "Berg, Michael"]
[Black "Lindam, Ingo"]
[Result "1-0"]
[WhiteElo "2264"]
[BlackElo "2064"]
[PlyCount "79"]
[EventDate "2015.??.??"]
[WhiteTeam "SG Solingen"]
[BlackTeam "Kölner SK Dr. Lasker"]

1. d4 Nf6 2. c4 g6 3. Nc3 Bg7 4. e4 d6 5. Nf3 O-O 6. Be2 Na6 7. O-O e5 8. Qc2
exd4 9. Nxd4 Ng4 10. Nb3 Qh4 11. Bxg4 Bxg4 12. Be3 Nb4 13. Qd2 Bf3 14. gxf3 Be5
15. h3 Qxh3 16. Bf4 Nd3 17. Bg3 Bxg3 18. fxg3 Qxg3+ 19. Qg2 Qxg2+ 20. Kxg2 Nxb2
21. Nd2 Nd3 22. Rab1 Rab8 23. Nd5 f5 24. exf5 c6 25. Nb4 Nxb4 26. Rxb4 Rxf5 27.
Ne4 d5 28. cxd5 cxd5 29. Nd6 Rg5+ 30. Kh3 b6 31. Re1 Rf8 32. f4 Rh5+ 33. Kg3
Rd8 34. Nb5 a5 35. Rd4 Rc8 36. Red1 Rc2 37. R4d2 Rc5 38. Nd4 Rc3+ 39. Rd3 Rc5
40. Rb1 1-0

[Event "VI. Karnevals-Open"]
[Site "Solingen"]
[Date "2015.02.14"]
[Round "3.4"]
[White "Paulus, Jeffrey"]
[Black "Zolfagharian, Kevin"]
[Result "1-0"]
[WhiteElo "1931"]
[BlackElo "2182"]
[PlyCount "109"]
[EventDate "2015.??.??"]
[WhiteTeam "SG Porz"]
[BlackTeam "SG Solingen"]

1. d4 d5 2. c4 c6 3. Nc3 Nf6 4. Nf3 e6 5. cxd5 cxd5 6. Bg5 Be7 7. e3 O-O 8. Bd3
Nc6 9. Rc1 Bd7 10. O-O Rc8 11. Ne5 h6 12. Bh4 Be8 13. f4 Nd7 14. Bxe7 Qxe7 15.
Qe1 f5 16. Nxc6 Rxc6 17. Nb5 Rxc1 18. Qxc1 a6 19. Nc7 Bf7 20. Qc3 Qd6 21. Rc1
Rc8 22. b4 g5 23. g3 Nf6 24. Qc5 Qd8 25. b5 b6 26. Qxb6 Ne8 27. bxa6 Rxc7 28.
Rxc7 Qxc7 29. Qxc7 Nxc7 30. a7 Be8 31. Ba6 Bc6 32. Bc8 Kf8 33. fxg5 hxg5 34. h4
Kf7 35. a4 gxh4 36. gxh4 Ne8 37. Bd7 Ba8 38. Bxe8+ Kxe8 39. Kf2 Kf7 40. Kg3 Kf6
41. Kf4 Bb7 42. a5 Bc6 43. a6 Ba8 44. h5 Bc6 45. h6 Ba8 46. h7 Kg7 47. Ke5 Kxh7
48. Kxe6 Kg6 49. Kd7 Kf7 50. Kc7 Ke7 51. Kc8 Kd6 52. Kb8 Bc6 53. a8=Q Bxa8 54.
Kxa8 Kc7 55. Ka7 1-0

[Event "VI. Karnevals-Open"]
[Site "Solingen"]
[Date "2015.02.14"]
[Round "3.5"]
[White "Heinert, Eugen"]
[Black "Schaum, Moritz"]
[Result "1/2-1/2"]
[WhiteElo "2154"]
[BlackElo "2036"]
[PlyCount "50"]
[EventDate "2015.??.??"]
[WhiteTeam "OSC Rheinhausen"]
[BlackTeam "SF Erkelenz"]

1. d4 Nf6 2. c4 g6 3. Nc3 d5 4. Bg5 Ne4 5. Nxe4 dxe4 6. Qd2 Bg7 7. e3 c5 8. Ne2
Nc6 9. d5 Ne5 10. Nc3 f5 11. Be2 Nf7 12. Bh4 Nd6 13. f3 O-O 14. O-O-O exf3 15.
gxf3 f4 16. e4 Bd4 17. Qe1 b6 18. Bf2 Be5 19. h4 h6 20. Qg1 Kh7 21. Qg2 a6 22.
Rhg1 Rg8 23. Kb1 Bd7 24. Rc1 Qc8 25. Nd1 Rb8 1/2-1/2

[Event "VI. Karnevals-Open"]
[Site "Solingen"]
[Date "2015.02.14"]
[Round "3.6"]
[White "Kolthoff, Siegmund"]
[Black "Heldt, Maximilian"]
[Result "1/2-1/2"]
[WhiteElo "2091"]
[BlackElo "1993"]
[PlyCount "28"]
[EventDate "2015.??.??"]
[WhiteTeam "BW Buchholz"]
[BlackTeam "SF Katernberg"]

1. Nf3 c5 2. e4 Nc6 3. Bb5 g6 4. O-O Bg7 5. c3 d6 6. h3 Bd7 7. Re1 e6 8. Na3 a6
9. Bf1 Nge7 10. d4 cxd4 11. cxd4 O-O 12. Nc2 d5 13. e5 Rc8 14. Ne3 Qb6 1/2-1/2

[Event "VI. Karnevals-Open"]
[Site "Solingen"]
[Date "2015.02.14"]
[Round "3.7"]
[White "Nixdorf, Andre"]
[Black "Vranidis, Athanassios"]
[Result "0-1"]
[WhiteElo "1998"]
[BlackElo "1880"]
[PlyCount "56"]
[EventDate "2015.??.??"]
[WhiteTeam "SK Norderstedt"]
[BlackTeam "SG Solingen"]

1. e4 c5 2. Nf3 d6 3. d4 cxd4 4. Nxd4 Nf6 5. Nc3 a6 6. f3 e6 7. Be3 b5 8. a4 b4
9. Na2 d5 10. e5 Nfd7 11. f4 Bb7 12. c3 bxc3 13. Nxc3 Nc6 14. Bd3 Bc5 15. Nxc6
Bxc6 16. Bxc5 Nxc5 17. b4 Nxd3+ 18. Qxd3 Qb6 19. Rb1 O-O 20. b5 axb5 21. axb5
Bb7 22. Ne2 Ra2 23. h4 Rc8 24. Rh3 Rcc2 25. Re3 d4 26. Nxd4 Qa5+ 27. Kf1 Rf2+
28. Kg1 Rxg2+ 0-1

[Event "VI. Karnevals-Open"]
[Site "Solingen"]
[Date "2015.02.14"]
[Round "3.8"]
[White "Vishanji, Adrian"]
[Black "Seger, Rüdiger"]
[Result "0-1"]
[WhiteElo "1908"]
[BlackElo "2377"]
[PlyCount "88"]
[EventDate "2015.??.??"]
[WhiteTeam "SV Turm Drolshagen"]
[BlackTeam "SG Trier"]

1. e4 c5 2. Nf3 g6 3. d4 cxd4 4. Nxd4 Nc6 5. Be3 Bg7 6. Nc3 Nf6 7. Bc4 Qa5 8.
f3 Qb4 9. Bb3 Nxe4 10. Nxc6 Bxc3+ 11. Kf1 Qb5+ 12. Qd3 Qxd3+ 13. cxd3 Bxb2 14.
Rb1 Bg7 15. Nxa7 Nc3 16. Rc1 O-O 17. Ke1 d5 18. Nxc8 Rfxc8 19. h4 Rc6 20. Rc2
e6 21. Kf2 Nxa2 22. Rxa2 Rxa2+ 23. Bxa2 Rc2+ 24. Kg3 Rxa2 25. Rc1 Ra8 26. Rb1
d4 27. Bd2 Rb8 28. Bb4 b5 29. Bd6 Rb7 30. f4 f6 31. Kf3 Kf7 32. Ke4 f5+ 33. Kf3
Ke8 34. Rb4 Bf6 35. g3 Kd7 36. Be5 Bxe5 37. fxe5 Kc6 38. Rxd4 Rd7 39. Rxd7 Kxd7
40. Ke3 h6 41. Kd4 Kc6 42. Ke3 Kd5 43. d4 g5 44. h5 b4 0-1

[Event "VI. Karnevals-Open"]
[Site "Solingen"]
[Date "2015.02.14"]
[Round "3.9"]
[White "Baltic, Fatih"]
[Black "Ljuboschiz, Dr. Alexander"]
[Result "1/2-1/2"]
[WhiteElo "1860"]
[BlackElo "2127"]
[PlyCount "31"]
[EventDate "2015.??.??"]
[WhiteTeam "SG Porz"]
[BlackTeam "SV Würselen"]

1. e4 e5 2. Nf3 Nc6 3. Bc4 Nf6 4. d3 Bc5 5. c3 d6 6. Bb3 Qe7 7. Nbd2 O-O 8. O-O
a6 9. h3 h6 10. Re1 Kh8 11. Nf1 Nh7 12. d4 Bb6 13. Ng3 Qf6 14. Nh5 Qe7 15. Ng3
Qf6 16. Nh5 1/2-1/2